| 000 | 00579nam a2200193 i 4500 | ||
|---|---|---|---|
| 001 | 89243 | ||
| 003 | ES-MaACL | ||
| 005 | 20260201174913.0 | ||
| 007 | t| | ||
| 008 | 050105s1914 ddr ||||1| ger d | ||
| 100 | 1 |
_aLarfeld, Wilheld. _970246 |
|
| 245 | 1 | 0 |
_aGriechische Epigraphik / _cvon Wilheld Larfeld. |
| 260 |
_aMünchen : _bOskar Beck, _c1914. |
||
| 300 |
_a536 p. ; _c25 cm. |
||
| 490 | 1 | _aHandbuch der klassinchen altertumswissenschaft | |
| 830 | 0 |
_aHandbuch der Klassischen Altertums-Wissenschaft _9187502 |
|
| 852 |
_aES-MaACL _jF-15185 |
||
| 999 |
_c89243 _d89243 |
||